Statistics for Pokémon Legends Arceus: Hisui Pokémon

Click here to take the quiz!

General Stats

  • This quiz has been taken 273 times
    (245 since last reset)
  • The average score is 5 of 7

Answer Stats

TypePokémon% Correct
Bug/RockKleavor
90%
Ground/NormalUrsaluna
86%
Water/GhostBasculegion
85%
Normal/PsychicWyrdeer
83%
Fighting/PoisonSneasler
77%
Fairy/FlyingEnamorus
63%
Dark/PoisonOverqwil
58%

Score Distribution

Percentile by Number Answered

Percent of People with Each Score

Your Score History

You have not taken this quiz since the last reset